Internetes tesztfeladat kitöltés

Elmentve itt :
Bibliográfiai részletek
Szerző: Szikora Roland
További közreműködők: Csendes Tibor (Témavezető)
Dokumentumtípus: Szakdolgozat
Megjelent: 2003
Tárgyszavak:
Online Access:http://diploma.bibl.u-szeged.hu/2507
LEADER 00653nta a2200169 i 4500
001 dipl2507
005 20130314071453.0
008 110328s2003 hu om 0|| hun d
040 |a SZTE Diploma Repozitórium  |b hun 
041 |a hun 
100 1 |a Szikora Roland 
245 1 0 |a Internetes tesztfeladat kitöltés  |h [elektronikus dokumentum] /  |c Roland Szikora 
260 |c 2003 
650 4 |a Informatika 
700 1 |a Csendes Tibor  |e ths 
856 4 0 |u http://diploma.bibl.u-szeged.hu/id/eprint/2507/1/2003_szikora_roland_03_144.pdf  |z Dokumentum-elérés  
856 4 0 |u http://diploma.bibl.u-szeged.hu/id/eprint/2507/2/2003_szikora_roland_03_144_velemeny.pdf  |z Dokumentum-elérés